WTC Les Mis Trivia Quiz Stats

 Plays Quiz not verified by Sporcle

Support Sporcle.
Go Orange.
Score 0/26 Timer 03:00
0 Plays Today
% Correct
Down
71.9%
Red and Black
71.5%
Stars
65.1%
Dog
60.9%
A Little Fall of Rain
57.9%
Ring
52.8%
24601
49.4%
Runaway
48.9%
Castle on a Cloud
48.5%
Who Am I?
48.1%
Pontmercy
45.1%
6
40.9%
Javert's Suicide
40.9%
% Correct
Enjolras
33.2%
Montparnasse
26%
ABC
24.3%
Madeleine
17.9%
0
14.5%
9
10.2%
Beggar at the Feast
9.8%
Bamatabois
9.4%
Andrew
8.5%
Cosmo
6.8%
Shirley
6.8%
Tal
6.4%
Hunter
4.3%

You're not logged in!

Compare scores with friends on all Sporcle quizzes.
OR
Log In

From the Vault

Super Bowl LI (Patriots vs. Falcons)

by SporcleEXP

One Quarterback seeks to win more Super Bowls than any other QB in history, while the other seeks to prove himself for the first time. Best of luck to both!
Remove Ads.
Support Sporcle.
Get the best of Sporcle when you Go Orange. This ad-free experience offers more features, more stats, and more fun while also helping to support Sporcle. Thank you for becoming a member.

Show Comments

Extras

Created Feb 22, 2011ReportNominate
Tags:les, mis

Top Quizzes Today


Score Distribution

Your Account Isn't Verified!

In order to create a playlist on Sporcle, you need to verify the email address you used during registration. Go to your Sporcle Settings to finish the process.

Report this User

Report this user for behavior that violates our Community Guidelines.

Details: